Komentár k novelizácii zákona o dani z pridanej hodnoty k 1. aprílu 1999

Komentár k novelizovaným ustanoveniam zákona č. 289/1995 Z.z. o dani z pridanej hodnoty k 1. aprílu 1999. Novelizácia obsahuje celkom 23 zmien týkajúcich sa 15 paragrafov a prílohy č. 1, ktorá obsahuje zoznam tovarov a služieb podliehajúcich 6 perc. sadzbe dane.

Enregistré dans:
Détails bibliographiques
Auteur principal: Minársky, Ján
Format: Chapitre de livre
Langue:slovaque
Sujets:
Tags: Ajouter un tag
Pas de tags, Soyez le premier à ajouter un tag!

MARC

LEADER 00000naa a2200000 4500
001 r035308
005 20230926081322.8
041 0 |a slo 
044 |a SK 
245 1 0 |a Komentár k novelizácii zákona o dani z pridanej hodnoty k 1. aprílu 1999  |c Ján Minársky 
520 |a Komentár k novelizovaným ustanoveniam zákona č. 289/1995 Z.z. o dani z pridanej hodnoty k 1. aprílu 1999. Novelizácia obsahuje celkom 23 zmien týkajúcich sa 15 paragrafov a prílohy č. 1, ktorá obsahuje zoznam tovarov a služieb podliehajúcich 6 perc. sadzbe dane. 
610 2 0 |a dane z hodnoty pridanej 
610 2 0 |a zákony 
610 2 0 |a Slovensko 
610 2 0 |a novelizácia 
610 2 0 |a komentáre 
610 2 0 |a 1999 
100 1 |a Minársky, Ján